|
|
|
|
| LEADER |
00000cam a2200000 7i4500 |
| 001 |
0000001229 |
| 002 |
000001354 |
| 005 |
20000330.0 |
| 020 |
|
|
|a 9839753010
|
| 090 |
0 |
0 |
|a JF
|b ONG
|
| 100 |
1 |
|
|a Ong, Johnny
|
| 245 |
1 |
0 |
|a Putera yang pintar
|c Johnny Ong dan Sulaiman Zakaria
|
| 260 |
|
|
|a Kuala Lumpur :
|b Federal Stationery & Pub ,
|c 1994
|
| 300 |
|
|
|a 23p. :
|b ill. ;
|c 22cm.
|
| 490 |
0 |
|
|a Siri Membaca dan Berfikir 2
|
| 650 |
0 |
0 |
|a Children's stories
|
| 700 |
0 |
|
|a Sulaiman Zakaria
|
| 999 |
|
|
|a 032570
|b BUKU
|c JUNIOR FICTION
|e PERPUSTAKAAN KOMUNITI PETALING JAYA
|
| 999 |
|
|
|a 032571
|b BUKU
|c PINJAMAN
|e PERPUSTAKAAN KOMUNITI PETALING JAYA
|
| 999 |
|
|
|a 032572
|b BUKU
|c PINJAMAN
|e PERPUSTAKAAN KOMUNITI PETALING JAYA
|